Statistics for All Modern-Day Countries Ever Controlled by the Ottoman Empire

Click here to take the quiz!

General Stats

  • This quiz has been taken 5,964 times
    (5,206 since last reset)
  • The average score is 60 of 63

Answers on the Map

Answers color-coded by a green-red scale on the quiz's map according to % correct below.
 

Answer Stats

Countries% Correct
Egypt
99%
Russia
99%
Turkey
99%
Algeria
98%
Greece
98%
Iran
98%
Iraq
98%
Israel
98%
Libya
98%
Morocco
98%
Romania
98%
Saudi Arabia
98%
Sudan
98%
Ukraine
98%
Yemen
98%
Albania
97%
Bosnia and Herzegovina
97%
Bulgaria
97%
Croatia
97%
Cyprus
97%
Georgia
97%
Hungary
97%
Jordan
97%
North Macedonia
97%
Qatar
97%
Serbia
97%
South Sudan
97%
Syria
97%
Tunisia
97%
Armenia
96%
Austria
96%
Azerbaijan
96%
Belarus
96%
Ethiopia
96%
Kosovo
96%
Lebanon
96%
Moldova
96%
Montenegro
96%
Slovakia
96%
Somalia
96%
United Arab Emirates
96%
Chad
95%
China
95%
Indonesia
95%
Kazakhstan
95%
Kuwait
95%
Oman
95%
Slovenia
95%
Eritrea
94%
Italy
94%
Malaysia
94%
Thailand
94%
Niger
93%
Djibouti
92%
Kenya
92%
Singapore
92%
D. R. Congo
91%
Central African Republic
89%
Malta
89%
Tanzania
89%
Uganda
89%
Poland
87%
Kyrgyzstan
86%

Score Distribution

Percentile by Number Answered

Percent of People with Each Score

Your Score History

You have not taken this quiz since the last reset